|
|
|
|
| LEADER |
01098nam a2200277 u 4500 |
| 001 |
10023983 |
| 003 |
upatras |
| 005 |
20210117205831.0 |
| 008 |
970228s1994 us eng |
| 020 |
|
|
|a 0070200300
|
| 040 |
|
|
|a GR-PaULI
|c GR-PaULI
|
| 041 |
0 |
|
|a eng
|
| 082 |
0 |
4 |
|a 515.35
|
| 100 |
1 |
|
|a Farlow, Stanley J.
|9 39610
|
| 245 |
1 |
0 |
|a An introduction to differential equations and their applications
|c Stanley J. Farlow
|
| 260 |
|
|
|a New York
|b McGraw - Hill
|c 1994
|
| 300 |
|
|
|a xvii, 609 p.
|b fig., tab.
|c 24 cm.
|
| 490 |
0 |
|
|a International series in pure and applied mathematics
|
| 504 |
|
|
|a Includes appendix and index
|
| 650 |
|
4 |
|9 130
|a Εξισώσεις, Διαφορικές
|
| 760 |
0 |
|
|a International series in pure and applied mathematics
|
| 852 |
|
|
|a GR-PaULI
|b ΠΑΤΡΑ
|b ΦΥΣΙΚΟ
|k ΑΕΧ-1
|h 515.35 FAR
|m 05576
|p 025000022515
|t 1
|
| 942 |
|
|
|2 ddc
|c BK15
|
| 952 |
|
|
|0 0
|1 0
|4 0
|6 515_350000000000000_FAR
|7 0
|9 192806
|a PHYS
|b PHYS
|d 2016-04-24
|i 05576
|l 0
|o 515.35 FAR
|p 025000022515
|r 2016-04-24 00:00:00
|t 1
|w 2016-04-24
|y BK15
|
| 998 |
|
|
|c ΔΡΑΚΟΠΟΥΛΟΥ
|d 2001-10
|
| 999 |
|
|
|c 118223
|d 118223
|